Statistics for Safest Non-European Countries

Click here to take the quiz!

General Stats

  • This quiz has been taken 71 times
  • The average score is 14 of 21

Answer Stats

HintAnswer% Correct
2Canada
99%
4Australia
96%
1New Zealand
94%
3Japan
93%
16South Korea
88%
6Singapore
85%
20United Arab Emirates
82%
14Taiwan
72%
9Chile
69%
10Qatar
69%
8Malaysia
68%
18Uruguay
63%
12Kuwait
62%
5Bhutan
56%
17Mongolia
56%
13Costa Rica
50%
19Indonesia
50%
7Mauritius
46%
15Laos
40%
11Botswana
34%
20Senegal
13%

Score Distribution

Percentile by Number Answered

Percent of People with Each Score

Your Score History

You have not taken this quiz